[Event "10th EICC"]
[Site "Budva MNE"]
[Date "2009.03.12"]
[Round "7"]
[White "Damljanovic,B"]
[Black "Szabo,G ROM"]
[Result "1/2-1/2"]
[WhiteElo "2587"]
[BlackElo "2506"]
[EventDate "2009.03.06"]

1. Nf3 d5 2. d4 Nf6 3. c4 dxc4 4. e3 e6 5. Bxc4 a6 6. O-O c5 7. a4 Nc6 8.
Nc3 cxd4 9. exd4 Be7 10. d5 exd5 11. Nxd5 Nxd5 12. Bxd5 Nb4 13. Be4 O-O 14.
Bd2 a5 15. Bc3 Ra6 16. Qe2 f5 17. Rad1 Qe8 18. Bb1 Bf6 19. Qxe8 Rxe8 20.
Nd4 g6 21. Nb5 Rd8 22. h3 Kf7 23. f3 Be6 24. g4 Bb3 25. Rxd8 Bxd8 26. gxf5
Bxa4 27. Nd4 Bf6 28. Ne6 Bb5 29. Rd1 gxf5 30. Nc7 Ba4 31. b3 Rc6 32. bxa4
Rxc3 33. Nb5 Rxf3 34. Kg2 Rf4 35. Rd7+ Kg6 36. Nd6 b6 37. Nc8 Rd4 38. Nxb6
Rxd7 39. Nxd7 Bd4 1/2-1/2

[Event "10th EICC"]
[Site "Budva MNE"]
[Date "2009.03.12"]
[Round "7"]
[White "Lintchevski,D"]
[Black "Erdos,V"]
[Result "1/2-1/2"]
[WhiteElo "2481"]
[BlackElo "2582"]
[EventDate "2009.03.06"]

1. e4 e5 2. Nf3 Nc6 3. Bb5 Nf6 4. Nc3 Bd6 5. O-O O-O 6. d3 h6 7. Ne2 a6 8.
Bxc6 dxc6 9. Ng3 Re8 10. b3 c5 11. a4 Nh7 12. Bb2 Nf8 13. h3 Bd7 14. Bc3
Ng6 15. Qc1 1/2-1/2

[Event "10th EICC"]
[Site "Budva MNE"]
[Date "2009.03.12"]
[Round "7"]
[White "Vuckovic,Bo"]
[Black "Doric,D"]
[Result "1-0"]
[WhiteElo "2576"]
[BlackElo "2477"]
[EventDate "2009.03.06"]

1. e4 c6 2. d4 d5 3. f3 e6 4. Nc3 Bb4 5. Nge2 Ne7 6. Be3 O-O 7. Qd2 c5 8.
dxc5 dxe4 9. Qxd8 Rxd8 10. a3 Bxc3+ 11. Nxc3 exf3 12. gxf3 Nf5 13. Bf2 Nc6
14. Bd3 Nfd4 15. O-O-O e5 16. Be4 Bf5 17. b4 Bxe4 18. fxe4 a6 19. Nd5 f5
20. Bxd4 exd4 21. Nb6 Rab8 22. exf5 Re8 23. f6 Re6 24. fxg7 Kxg7 25. Rhg1+
Rg6 26. Nc4 Rd8 27. Nd6 b5 28. Nf5+ Kf6 29. Rgf1 Kg5 30. Nd6 Rd7 31. c3 Re7
32. cxd4 Re2 33. d5 Kh5 34. Nf5 1-0

[Event "10th EICC"]
[Site "Budva MNE"]
[Date "2009.03.12"]
[Round "7"]
[White "Serov,M"]
[Black "Kotanjian,T"]
[Result "1-0"]
[WhiteElo "2352"]
[BlackElo "2568"]
[EventDate "2009.03.06"]

1. d4 d5 2. c4 e6 3. Nf3 Nf6 4. g3 dxc4 5. Bg2 c5 6. O-O Nc6 7. Ne5 Bd7 8.
Na3 cxd4 9. Naxc4 Bc5 10. Bf4 O-O 11. Rc1 Nd5 12. Nxd7 Qxd7 13. Ne5 Qe7 14.
Nxc6 bxc6 15. Be5 Bb6 16. Bxd4 Rfd8 17. Bxb6 axb6 18. Qb3 Qb7 19. Rfd1 g6
20. Rd2 Rd7 21. h4 Rad8 22. h5 gxh5 23. Qf3 Ne7 24. Rxd7 Qxd7 25. Qxh5 Qd2
26. Rc4 c5 27. Be4 Ng6 28. Bxg6 hxg6 29. Qe5 g5 30. Ra4 Kh7 31. Qf6 Rd7 1-0

[Event "10th EICC"]
[Site "Budva MNE"]
[Date "2009.03.12"]
[Round "7"]
[White "Chudinovskikh,A"]
[Black "Jovanovic,Zo CRO"]
[Result "1/2-1/2"]
[WhiteElo "2379"]
[BlackElo "2558"]
[EventDate "2009.03.06"]

1. e4 c5 2. Nf3 d6 3. Bb5+ Nd7 4. c3 Ngf6 5. Qe2 a6 6. Ba4 e6 7. O-O Be7 8.
d4 b5 9. Bc2 Bb7 10. a4 cxd4 11. cxd4 O-O 12. Bf4 Re8 13. Re1 b4 14. Nbd2
Nf8 15. h3 Ng6 16. Be3 Bf8 17. a5 d5 18. e5 Ne4 19. Nxe4 dxe4 20. Nd2 Nh4
21. Qg4 Nf5 22. Nxe4 Nxe3 23. fxe3 Bxe4 24. Bxe4 Rc8 25. Bb7 Rc2 26. Re2
Qc7 27. Bxa6 Rc1+ 28. Rxc1 Qxc1+ 29. Kh2 Ra8 30. Bd3 Rxa5 31. Qe4 g6 32.
Rf2 Ra7 33. b3 Bh6 34. Rf3 Qc7 35. Bc4 Kg7 36. Qh4 Qe7 37. Qf6+ Kg8 38. Kg3
Bg5 39. Qxe7 Rxe7 40. h4 Bh6 41. Kf2 Ra7 42. g4 Bg7 43. g5 Ra2+ 44. Kg3 Ra1
45. Rf4 h6 46. Kf2 Ra2+ 47. Kf3 1/2-1/2

[Event "10th EICC"]
[Site "Budva MNE"]
[Date "2009.03.12"]
[Round "7"]
[White "Ruck,R1"]
[Black "Reutsky,S"]
[Result "1-0"]
[WhiteElo "2558"]
[BlackElo "2381"]
[EventDate "2009.03.06"]

1. c4 f5 2. g3 Nf6 3. Bg2 g6 4. d4 Bg7 5. Nf3 O-O 6. b3 d6 7. Bb2 c6 8. O-O
Qc7 9. Nbd2 Re8 10. Qc2 e5 11. dxe5 dxe5 12. e4 Na6 13. c5 fxe4 14. Ng5 Nb4
15. Qc4+ Nbd5 16. Ndxe4 Nxe4 17. Bxe4 Kh8 18. Bxd5 cxd5 19. Qxd5 h6 20.
Nf7+ Kh7 21. Nd6 Re7 22. Nxc8 Rxc8 23. b4 a5 24. a3 Rd8 25. Qe4 Red7 26.
Rfe1 Rd5 27. Rac1 axb4 28. axb4 Qc6 29. Rc2 b6 30. Bc1 bxc5 31. bxc5 Rc8
32. Ba3 Qd7 33. Rec1 Rc6 34. Qe2 h5 35. h4 Rd3 36. Bb2 Qd5 37. Re1 Qb3 38.
Bc1 e4 39. Be3 Be5 40. Kg2 Qd5 41. Rb1 Rc7 42. c6 Rc3 43. Rxc3 Bxc3 44. Rb6
Rxc6 45. Rb7+ Kg8 46. Qc2 Bg7 47. Qa4 Rf6 48. Re7 Qf5 49. Qc4+ Rf7 50. Rxe4
Qf3+ 51. Kh2 Kh7 52. Re8 Qf5 53. Ra8 Bh6 54. Bd4 Bg7 55. Be3 Bh6 56. Qc3
Bg7 57. Qd2 Qd7 58. Qa2 Qf5 59. Ra5 Qf3 60. Qc2 Rf5 61. Ra6 Rf6 1-0

[Event "10th EICC"]
[Site "Budva MNE"]
[Date "2009.03.12"]
[Round "7"]
[White "Matsenko,S"]
[Black "Khenkin,I"]
[Result "1/2-1/2"]
[WhiteElo "2429"]
[BlackElo "2644"]
[EventDate "2009.03.06"]

1. e4 c6 2. d4 d5 3. e5 c5 4. dxc5 Nc6 5. Bb5 e6 6. Be3 Nge7 7. c3 Bd7 8.
Bxc6 Bxc6 9. Nf3 Nf5 10. Bd4 Nxd4 11. Qxd4 Qc7 12. b4 b6 13. cxb6 axb6 14.
O-O Be7 15. Re1 O-O 16. Qg4 Bb5 17. Re3 Rfc8 18. Nd4 Qc4 19. Nd2 Rxa2 20.
Qd1 Rxd2 21. Qxd2 Bg5 22. Nxb5 Qxb5 23. g3 Qc6 24. Ra7 1/2-1/2

[Event "10th EICC"]
[Site "Budva MNE"]
[Date "2009.03.12"]
[Round "7"]
[White "Mastrovasilis,D"]
[Black "Nestorovic,N"]
[Result "1-0"]
[WhiteElo "2580"]
[BlackElo "2415"]
[EventDate "2009.03.06"]

1. e4 e5 2. Nf3 Nc6 3. Bb5 a6 4. Ba4 Nf6 5. O-O b5 6. Bb3 Be7 7. d4 d6 8.
c3 Bg4 9. d5 Na5 10. Bc2 c6 11. h3 Bh5 12. dxc6 Qc7 13. Nbd2 O-O 14. Re1
Qxc6 15. Nf1 Bg6 16. Ng3 Rfe8 17. Nh4 Nc4 18. Qf3 Rad8 19. a4 d5 20. axb5
axb5 21. exd5 Qxd5 22. Nxg6 hxg6 23. Ne4 Nxe4 24. Bxe4 Qc5 25. Ra6 Nd2 26.
Bxd2 Rxd2 27. b4 Qc7 28. Rea1 Bg5 29. Bc6 e4 30. Bxe4 Qc4 31. Ra8 Rxa8 32.
Rxa8+ Kh7 33. h4 Bxh4 34. Qh3 1-0

[Event "10th EICC"]
[Site "Budva MNE"]
[Date "2009.03.12"]
[Round "7"]
[White "Zueger,B"]
[Black "Jankovic,A"]
[Result "1-0"]
[WhiteElo "2408"]
[BlackElo "2571"]
[EventDate "2009.03.06"]

1. c4 g6 2. g3 Bg7 3. Bg2 Nf6 4. Nc3 O-O 5. d4 c6 6. e4 d6 7. Nge2 e5 8.
O-O exd4 9. Nxd4 Nbd7 10. Qc2 Nc5 11. Rd1 Bg4 12. f3 Bd7 13. Nb3 Nxb3 14.
Qxb3 Qa5 15. Bf4 Be6 16. Bxd6 Rfc8 17. Qxb7 Bxc4 18. Bh3 Be6 19. Bxe6 fxe6
20. Qb4 Qb6+ 21. Qxb6 axb6 22. Be5 Kf7 23. Rd3 Ra7 24. Rad1 Ke8 25. a3 b5
26. Ne2 Nh5 27. Bxg7 Nxg7 28. e5 Ke7 29. Nc3 Ne8 30. Ne4 c5 31. h4 c4 32.
R3d2 Rb7 33. g4 Rcc7 34. Rd8 b4 35. axb4 Rxb4 36. R1d2 Rbb7 37. g5 Ng7 38.
Rh8 Rd7 39. Rxd7+ Rxd7 40. Rxh7 Rd1+ 41. Kf2 Kf7 42. Rh8 Nf5 43. Rc8 Rb1
44. Nd6+ Nxd6 45. exd6 Rxb2+ 46. Ke3 Rb3+ 47. Ke4 Rd3 48. Rc7+ Kf8 49. Ke5
c3 50. f4 Re3+ 51. Kd4 1-0

[Event "10th EICC"]
[Site "Budva MNE"]
[Date "2009.03.12"]
[Round "7"]
[White "Panic,Ne"]
[Black "Deviatkin,A"]
[Result "0-1"]
[WhiteElo "2407"]
[BlackElo "2566"]
[EventDate "2009.03.06"]

1. f4 d6 2. Nf3 g6 3. e4 Bg7 4. d4 c5 5. Nc3 cxd4 6. Nxd4 Nc6 7. Nf3 Nf6 8.
Bd3 O-O 9. O-O Bg4 10. Qe1 Nb4 11. Qh4 Bxf3 12. Rxf3 e6 13. f5 Nxd3 14.
cxd3 Nd7 15. Bg5 Qb6+ 16. d4 exf5 17. Nd5 Qxd4+ 18. Be3 Qxe4 19. Ne7+ Kh8
20. Bf4 Nf6 21. Re1 Qd4+ 22. Kh1 Rae8 23. Rfe3 Ng4 24. Nxf5 Qxf4 0-1

[Event "10th EICC"]
[Site "Budva MNE"]
[Date "2009.03.12"]
[Round "7"]
[White "Talla,V"]
[Black "Neverov,V"]
[Result "1-0"]
[WhiteElo "2407"]
[BlackElo "2560"]
[EventDate "2009.03.06"]

1. e4 c5 2. Nf3 d6 3. d4 cxd4 4. Nxd4 Nf6 5. Nc3 a6 6. Be2 e5 7. Nb3 Be7 8.
O-O O-O 9. Be3 Be6 10. Qd2 Nbd7 11. a4 Rc8 12. a5 Qc7 13. Rfd1 Rfe8 14. f4
h6 15. Kh1 Bf8 16. Bf1 Red8 17. Qe1 Qc6 18. Qd2 Qc7 19. Qe1 Kh8 20. Rd2 Nc5
21. Nxc5 dxc5 22. Rxd8 Rxd8 23. Na4 Nd7 24. Rd1 Be7 25. Qc3 Kg8 26. b3 Rc8
27. Bc4 Bxc4 28. bxc4 b5 29. axb6 Nxb6 30. Nxb6 Qxb6 1-0

[Event "10th EICC"]
[Site "Budva MNE"]
[Date "2009.03.12"]
[Round "7"]
[White "Lenic,L"]
[Black "Pilaj,H"]
[Result "1-0"]
[WhiteElo "2548"]
[BlackElo "2393"]
[EventDate "2009.03.06"]

1. c4 c5 2. Nf3 Nc6 3. d4 cxd4 4. Nxd4 g6 5. e4 Nf6 6. Nc3 d6 7. Be2 Nxd4
8. Qxd4 Bg7 9. Bg5 O-O 10. Qd2 a5 11. Rd1 Be6 12. Qe3 Qb8 13. b3 Qa7 14.
Qxa7 Rxa7 15. f3 b6 16. Na4 Rb7 17. Kd2 Ra8 18. Rc1 Nd7 19. Be3 Nc5 20. Nc3
Bd7 21. Rhd1 h5 22. Rb1 Bc6 23. Kc2 Be5 24. g3 Bg7 25. Bd4 Bxd4 26. Rxd4
Rd7 27. Rbd1 Rad8 28. Nd5 Bxd5 29. exd5 Kg7 30. Kb2 Kf6 31. Bf1 e5 32. dxe6
fxe6 33. Bh3 d5 34. Kc3 dxc4 35. Kxc4 Rxd4+ 36. Rxd4 Rxd4+ 37. Kxd4 Nb7 38.
f4 Nd6 39. Bf1 Nf5+ 40. Kd3 Nd6 41. Ke3 e5 42. Be2 h4 43. gxh4 Nf5+ 44. Ke4
exf4 45. Kxf4 Nxh4 46. Bg4 Ng2+ 47. Ke4 Ne1 48. a4 Nc2 49. Kd3 Na3 50. Be2
b5 51. Kd2 b4 52. Bd3 g5 53. Ke3 Ke5 54. h3 Kd5 55. Be4+ Kc5 56. Bf5 Kd5
57. Bd3 Ke5 58. Be4 Ke6 59. Kd4 Kd6 60. Bf5 Kc6 1-0

[Event "10th EICC"]
[Site "Budva MNE"]
[Date "2009.03.12"]
[Round "7"]
[White "Lopez Martinez,Josep"]
[Black "Todorovic,GN"]
[Result "1-0"]
[WhiteElo "2540"]
[BlackElo "2389"]
[EventDate "2009.03.06"]

1. e4 e5 2. Nf3 Nc6 3. Bb5 Nf6 4. d3 d6 5. O-O Bd7 6. c3 g6 7. Re1 Bg7 8.
Nbd2 O-O 9. Nf1 Qe8 10. Ba4 Nd4 11. cxd4 Bxa4 12. b3 Bd7 13. dxe5 dxe5 14.
Ba3 Nh5 15. Rc1 c6 16. d4 exd4 17. Nxd4 Rd8 18. Rc2 Bc8 19. Rd2 Bh6 20. Ne3
Qxe4 21. Ndf5 Qxf5 22. Rxd8 Qf6 23. Bxf8 Bxf8 24. Rxc8 1-0

[Event "10th EICC"]
[Site "Budva MNE"]
[Date "2009.03.12"]
[Round "7"]
[White "Golubovic,B"]
[Black "Ragger,M"]
[Result "0-1"]
[WhiteElo "2403"]
[BlackElo "2540"]
[EventDate "2009.03.06"]

1. d4 d5 2. Nf3 Nf6 3. c4 e6 4. g3 dxc4 5. Qa4+ Nbd7 6. Qxc4 a6 7. Bg2 b5
8. Qc2 Bb7 9. O-O c5 10. a4 b4 11. dxc5 Bxc5 12. Nbd2 Rc8 13. Qd1 O-O 14.
a5 Ba7 15. Nb3 Be4 16. Ne1 Qc7 17. Bd2 Rfd8 18. Bxe4 Nxe4 19. Nd3 Ndf6 20.
Rc1 Qb7 21. Rxc8 Rxc8 22. Bxb4 Nxf2 23. Rxf2 Bxf2+ 24. Kxf2 Ng4+ 0-1

[Event "10th EICC"]
[Site "Budva MNE"]
[Date "2009.03.12"]
[Round "7"]
[White "Hera,I"]
[Black "Zolotukhin,V"]
[Result "1-0"]
[WhiteElo "2527"]
[BlackElo "2358"]
[EventDate "2009.03.06"]

1. Nf3 Nf6 2. c4 g6 3. Nc3 Bg7 4. g3 d6 5. Bg2 O-O 6. d4 Nc6 7. O-O a6 8.
b3 Rb8 9. Nd5 Nh5 10. Bb2 e6 11. Ne3 f5 12. Qd2 f4 13. Nd1 e5 14. dxe5 dxe5
15. Qd5+ Kh8 16. Qxd8 Rxd8 17. Ng5 Re8 18. Bxc6 bxc6 19. Ne4 Bf5 20. Ndc3
Rbd8 21. f3 Nf6 22. Rad1 Bxe4 23. Nxe4 Nxe4 24. fxe4 fxg3 25. hxg3 Kg8 26.
Bc3 Bh6 27. Kg2 Bg5 28. Rxd8 Rxd8 29. Bxe5 Rd2 30. Kf3 Rxa2 31. Rd1 Kf7 32.
Bxc7 Ke6 33. Rd6+ Ke7 34. e5 Bd2 1-0

[Event "10th EICC"]
[Site "Budva MNE"]
[Date "2009.03.12"]
[Round "7"]
[White "Yilmaz,M"]
[Black "Jovanic,O"]
[Result "1/2-1/2"]
[WhiteElo "2400"]
[BlackElo "2527"]
[EventDate "2009.03.06"]

1. e4 e5 2. Bc4 Nc6 3. d3 Nf6 4. Nf3 Bc5 5. Nc3 d6 6. Bg5 h6 7. Bxf6 Qxf6
8. Nd5 Qd8 9. c3 Ne7 10. d4 Nxd5 11. dxc5 Nf4 12. g3 Nh3 13. cxd6 cxd6 14.
Qa4+ Kf8 15. Rf1 Ng5 16. Nd2 Bh3 17. Rg1 Bg4 18. h4 Nf3+ 19. Nxf3 Bxf3 20.
Be2 Qf6 21. Qb4 Bxe2 22. Qxb7 Qd8 23. Kxe2 Rb8 24. Qxa7 Rxb2+ 25. Kf3 g5
26. hxg5 hxg5 27. Rh1 Rxh1 28. Rxh1 Kg7 29. Qe3 Rxa2 30. Kg2 Qf6 31. Rh5
Kg6 32. Rh1 Rc2 33. Rd1 Kg7 34. Rh1 Kg6 35. Rd1 1/2-1/2

[Event "10th EICC"]
[Site "Budva MNE"]
[Date "2009.03.12"]
[Round "7"]
[White "Georgiadis,I"]
[Black "Drazic,S"]
[Result "1/2-1/2"]
[WhiteElo "2383"]
[BlackElo "2513"]
[EventDate "2009.03.06"]

1. e4 Nf6 2. Nc3 d5 3. e5 Nfd7 4. d4 e6 5. f4 c5 6. Nf3 Nc6 7. Be3 a6 8.
Qd2 b5 9. g3 b4 10. Ne2 a5 11. Bh3 g6 12. O-O Ba6 13. Rad1 cxd4 14. Nfxd4
Nxd4 15. Bxd4 Bc5 16. Rfe1 Bxe2 17. Rxe2 Bxd4+ 18. Qxd4 Qb6 19. Bf1 Ke7 20.
c4 dxc4 21. Rc2 Rhc8 22. Rxc4 Rxc4 23. Bxc4 Rc8 24. Qxb6 Nxb6 25. Bd3 h5
26. Kf2 h4 27. Be4 Na4 28. Rd2 hxg3+ 29. hxg3 Rc1 30. Ke3 Ra1 31. Bc6 Nb6
32. b3 Rc1 33. Be4 Nd7 34. Rc2 Re1+ 35. Kd4 Rg1 36. Rc7 Rd1+ 37. Ke3 Re1+
38. Kd4 Rd1+ 39. Ke3 Re1+ 40. Kd4 1/2-1/2

[Event "10th EICC"]
[Site "Budva MNE"]
[Date "2009.03.12"]
[Round "7"]
[White "Erturan,Y"]
[Black "Ibarra Jerez,JC"]
[Result "1/2-1/2"]
[WhiteElo "2372"]
[BlackElo "2513"]
[EventDate "2009.03.06"]

1. e4 c5 2. Nf3 e6 3. d4 cxd4 4. Nxd4 a6 5. c4 Nf6 6. Nc3 Qc7 7. Nc2 b6 8.
Be3 d6 9. Be2 Bb7 10. f3 Nbd7 11. Qd2 Be7 12. O-O O-O 13. Rac1 Rfc8 14.
Rfd1 h5 15. Nd4 Qd8 16. b4 Rab8 17. Nb3 h4 18. a3 Ba8 19. Bf4 Ne8 20. Na4
Bc6 21. Nb2 g5 22. Be3 Bf6 23. c5 bxc5 24. Bxa6 Rc7 25. Na5 Ba8 26. Na4
cxb4 27. axb4 d5 28. exd5 Bxd5 29. Nc3 Ba8 30. Ne4 Rxc1 31. Rxc1 Be7 32. b5
Nc7 33. Nc6 Bxc6 34. bxc6 Nf6 35. Qxd8+ Rxd8 36. Bxg5 Nfd5 37. Bxe7 Nxe7
38. Bb7 Rd7 39. Rc2 f5 40. Nc5 Rd5 41. Nd7 Kg7 42. Nb6 Kf6 43. Na8 Rd1+ 44.
Kf2 Ned5 45. Nxc7 Nxc7 46. Rc4 Rd2+ 47. Ke3 Rxg2 48. Rxh4 Rc2 49. Kd3 Rc1
50. Rh7 Nd5 51. Rd7 Nb6 52. Rd4 Rd1+ 53. Ke3 Rc1 54. Rd2 Rc5 55. Rd3 e5 56.
Rd6+ Ke7 57. Rh6 Nd5+ 58. Kd2 e4 59. fxe4 fxe4 60. Rh7+ 1/2-1/2

[Event "10th EICC"]
[Site "Budva MNE"]
[Date "2009.03.12"]
[Round "7"]
[White "Kontic,D"]
[Black "Dobrov,V"]
[Result "0-1"]
[WhiteElo "2369"]
[BlackElo "2510"]
[EventDate "2009.03.06"]

1. e4 c5 2. Ne2 Nf6 3. Nbc3 d6 4. g3 b5 5. Bg2 Bb7 6. d4 Nbd7 7. O-O a6 8.
Re1 e6 9. Bg5 h6 10. Bxf6 Nxf6 11. Nf4 cxd4 12. Qxd4 Be7 13. Qd3 Qc7 14. e5
dxe5 15. Nxe6 fxe6 16. Qg6+ Kf8 17. Bxb7 Qxb7 18. Rxe5 Qf3 19. Rxe6 Bc5 20.
Rf1 Rd8 21. Rxa6 Ng4 22. Ne4 Ne3 0-1

[Event "10th EICC"]
[Site "Budva MNE"]
[Date "2009.03.12"]
[Round "7"]
[White "Bonte,An"]
[Black "Ekstroem,R"]
[Result "1/2-1/2"]
[WhiteElo "2335"]
[BlackElo "2495"]
[EventDate "2009.03.06"]

1. d4 Nf6 2. c4 e6 3. Nc3 Bb4 4. e3 c5 5. Nge2 cxd4 6. exd4 O-O 7. a3 Be7
8. Nf4 d6 9. Be2 e5 10. dxe5 dxe5 11. Qxd8 Bxd8 12. Nfd5 Nc6 13. Be3 Nxd5
14. Nxd5 Be6 15. Rd1 Rc8 16. b4 a5 17. O-O axb4 18. axb4 f6 19. Bc5 Re8 20.
Rfe1 Kf7 21. f4 exf4 22. Nxf4 Ne5 23. Nxe6 Rxe6 24. Bg4 Nxg4 25. Rd7+ Ke8
26. Rxd8+ Kxd8 27. Rxe6 Ra8 28. Bd4 Ra4 29. h3 Ne5 30. Bxe5 fxe5 31. Rb6
Kc7 32. c5 Ra1+ 33. Kf2 Ra2+ 34. Kg3 Rb2 35. b5 Kc8 36. h4 e4 37. c6 bxc6
38. Rxc6+ Kd7 39. Rb6 Ke7 40. Rb7+ Kf6 41. b6 Kg6 42. Rb8 e3 43. Rb7 e2 44.
Kf2 e1=Q+ 45. Kxe1 Rxg2 46. Rd7 Rb2 47. b7 h6 48. Kd1 Kh5 49. Kc1 Rb6 50.
Kc2 g5 51. hxg5 hxg5 52. Rh7+ Kg4 53. Rd7 Kh4 54. Rh7+ Kg3 55. Rd7 Kh4 56.
Kc3 g4 57. Kc4 g3 58. Kc5 Rb1 59. Rd4+ Kh3 60. Rb4 1/2-1/2

[Event "10th EICC"]
[Site "Budva MNE"]
[Date "2009.03.12"]
[Round "7"]
[White "Spiric,I"]
[Black "Can,E"]
[Result "0-1"]
[WhiteElo "2255"]
[BlackElo "2471"]
[EventDate "2009.03.06"]

1. d4 Nf6 2. c4 g6 3. Nc3 Bg7 4. e4 d6 5. Be2 O-O 6. Bg5 Na6 7. Nf3 h6 8.
Bh4 c6 9. O-O g5 10. Bg3 Nh5 11. Qd2 Nxg3 12. hxg3 Rb8 13. Rad1 Bd7 14. d5
Nc5 15. e5 g4 16. Nh2 dxe5 17. b4 cxd5 18. bxc5 d4 19. Bxg4 f5 20. Bh3 Qa5
21. g4 fxg4 22. Nxg4 Bxg4 23. Bxg4 dxc3 24. Qd5+ Kh8 25. c6 Qb6 26. cxb7
Qxb7 27. Qe6 Rf6 28. Qxe5 c2 29. Rc1 Rxf2 30. Qxb8+ Qxb8 31. Kxf2 Qf4+ 32.
Bf3 Bd4+ 0-1

[Event "10th EICC"]
[Site "Budva MNE"]
[Date "2009.03.12"]
[Round "7"]
[White "Sofronie,I"]
[Black "Misailovic,N"]
[Result "1-0"]
[WhiteElo "2471"]
[BlackElo "2293"]
[EventDate "2009.03.06"]

1. e4 e5 2. Nf3 Nc6 3. Bb5 a6 4. Ba4 Nf6 5. d3 d6 6. c3 g6 7. d4 Bd7 8. O-O
Bg7 9. Re1 O-O 10. Nbd2 b5 11. Bc2 Nh5 12. dxe5 dxe5 13. Nb3 Bg4 14. Qxd8
Rfxd8 15. Bg5 f6 16. Be3 Bf8 17. Red1 Nf4 18. Rxd8 Rxd8 19. Ne1 Kf7 20. f3
Bc8 21. g3 Ne6 22. a4 Bd6 23. Kf2 Ne7 24. axb5 axb5 25. Nd3 f5 26. Ke2 f4
27. gxf4 exf4 28. Bf2 Kf6 29. Bd4+ Nxd4+ 30. cxd4 Kg5 31. e5 Nf5 32. exd6
cxd6 33. Rg1+ Kf6 34. Nxf4 Re8+ 35. Kf2 1-0

[Event "10th EICC"]
[Site "Budva MNE"]
[Date "2009.03.12"]
[Round "7"]
[White "Stanojevic,B"]
[Black "Durarbeyli,V"]
[Result "1-0"]
[WhiteElo "2276"]
[BlackElo "2439"]
[EventDate "2009.03.06"]

1. d4 Nf6 2. c4 e6 3. Nc3 Bb4 4. Qc2 d5 5. a3 Bxc3+ 6. Qxc3 Ne4 7. Qc2 c5
8. e3 Qa5+ 9. Bd2 Qxd2+ 10. Qxd2 Nxd2 11. Kxd2 cxd4 12. exd4 dxc4 13. Bxc4
Ke7 14. Nf3 Rd8 15. Rac1 Bd7 16. Rhd1 Bc6 17. Ke3 Rd6 18. Ne5 Nd7 19. b4
Ba4 20. Rd3 Rc8 21. Rdc3 Rd8 22. Be2 Nxe5 23. dxe5 Rd5 24. f4 Bc6 25. Rd3
g5 26. g3 gxf4+ 27. gxf4 a6 28. Rxd5 Bxd5 29. Rc7+ Rd7 30. Rc8 b5 31. h4 h6
32. Bd3 Bb7 33. Rc1 Bd5 34. Rc8 Bb7 35. Rh8 Rc7 36. Rxh6 Rc3 37. Rh8 Rxa3
38. h5 Bd5 39. Kd4 Rb3 40. h6 Rxb4+ 41. Kc3 Rb3+ 42. Kc2 Bc4 43. Be4 Rh3
44. h7 Bd5 45. Bd3 Bc4 46. Be4 Bd5 47. Bxd5 exd5 48. f5 b4 49. f6+ Kd7 50.
e6+ Kxe6 51. Re8+ Kxf6 52. h8=Q+ Rxh8 53. Rxh8 Ke5 54. Ra8 Kd4 55. Rxa6 f5
56. Rf6 Ke4 57. Kd2 f4 58. Rb6 Kf3 59. Rxb4 Kg3 60. Ke2 f3+ 1-0

[Event "10th EICC"]
[Site "Budva MNE"]
[Date "2009.03.12"]
[Round "7"]
[White "Savchenko,B"]
[Black "Rukavina,J"]
[Result "1-0"]
[WhiteElo "2654"]
[BlackElo "2417"]
[EventDate "2009.03.06"]

1. e4 e5 2. Nf3 Nc6 3. Bc4 Bc5 4. c3 Nf6 5. d4 exd4 6. e5 d5 7. Bb5 Ne4 8.
cxd4 Bb6 9. O-O O-O 10. h3 Bd7 11. Bd3 f5 12. Nc3 Be8 13. Bc2 Kh8 14. Ne2
Bf7 15. Be3 Qe7 16. Rc1 Nd8 17. Nh2 Be8 18. f3 Ng5 19. Qd2 h6 20. g4 Nxh3+
21. Kg2 f4 22. Qd3 g6 23. Bd2 Ng5 24. Nxf4 Qf7 25. Qb3 Qg7 26. Nxd5 Bf7 27.
Bxg5 hxg5 28. Rh1 Bxd5 29. Nf1+ Kg8 30. Qxd5+ Qf7 31. Qxf7+ Kxf7 32. d5 Kg7
33. e6 Re8 34. f4 gxf4 35. g5 Nxe6 36. dxe6 Rxe6 37. Kf3 Rd8 38. Rh2 Rd5
39. Rg2 Rb5 40. Bd3 Rxg5 41. Bc4 Re7 42. Rd1 Rc5 43. b3 c6 44. Nd2 Rce5 45.
Rh1 Bc5 46. Kg4 1-0

[Event "10th EICC"]
[Site "Budva MNE"]
[Date "2009.03.12"]
[Round "7"]
[White "Kunin,V"]
[Black "Solomunovic,I"]
[Result "1-0"]
[WhiteElo "2546"]
[BlackElo "2416"]
[EventDate "2009.03.06"]

1. d4 g6 2. e4 Bg7 3. c4 d6 4. Nc3 Nc6 5. Be3 e5 6. d5 Nce7 7. c5 f5 8. f3
Nf6 9. Bb5+ Bd7 10. Bxd7+ Qxd7 11. h3 O-O 12. Nge2 Rf7 13. Qb3 b6 14. cxd6
cxd6 15. O-O-O Rb8 16. a4 fxe4 17. fxe4 Rc8 18. Kb1 Rcf8 19. Rc1 Nh5 20.
Nb5 Nf4 21. Bxf4 exf4 22. Nbd4 f3 23. gxf3 Qb7 24. Rhf1 Qa6 25. Qb5 Qb7 26.
Ne6 Rc8 27. Rxc8+ Qxc8 28. Rc1 Qb8 29. Nxg7 Kxg7 30. Nd4 Kg8 31. Ne6 Rxf3
32. Qd7 Rf7 33. Ng5 Rg7 34. Qe6+ 1-0

[Event "10th EICC"]
[Site "Budva MNE"]
[Date "2009.03.12"]
[Round "7"]
[White "Kurmann,O"]
[Black "Levin,Ev"]
[Result "1-0"]
[WhiteElo "2415"]
[BlackElo "2484"]
[EventDate "2009.03.06"]

1. e4 c5 2. Nf3 d6 3. d4 cxd4 4. Nxd4 Nf6 5. Nc3 a6 6. Be3 Ng4 7. Bg5 h6 8.
Bh4 g5 9. Bg3 Bg7 10. h3 Nf6 11. Qf3 Qb6 12. O-O-O Nc6 13. Nxc6 Qxc6 14.
Be2 Nd7 15. Nd5 Ne5 16. Qe3 b5 17. h4 g4 18. Qb6 Qxb6 19. Nxb6 Rb8 20. Nxc8
Rxc8 21. Bxe5 Bxe5 22. Bxg4 Rc4 23. Rhe1 e6 24. Be2 Rc5 25. Rd3 Ke7 26. Ra3
Ra8 27. Ra5 Bd4 28. Rf1 Rcc8 29. Ra3 Rc5 30. Rb3 Rac8 31. Bd3 Rb8 32. Rb4
Bf6 33. a4 Bxh4 34. e5 Bg5+ 35. f4 Bh4 36. Rh1 Bg3 37. exd6+ Kxd6 38. axb5
axb5 39. Rxh6 Ra8 40. Kb1 Ke7 41. f5 Re5 42. c3 Rb8 43. f6+ Kd6 44. Rh7 Rb7
45. Bg6 Re1+ 46. Ka2 Rf1 47. Rxf7 Rxf7 48. Bxf7 Rxf6 49. Bh5 Rf2 50. Bf3
Kc5 51. Rg4 Be5 52. Kb3 Kd6 53. Re4 Bg3 54. Ka3 Be5 55. Re2 Rxe2 56. Bxe2
Kc5 57. Bg4 Bd6 58. Bxe6 b4+ 59. cxb4+ Kb5 60. Bd7+ Kc4 61. b3+ Kc3 62. Ka4
Bxb4 63. g4 Be7 64. Be6 Bg5 65. b4 Be7 66. b5 Bd8 67. Bd7 Kc4 68. Ka3 Kc3
69. Ka2 Kc2 70. Bf5+ Kc3 71. Kb1 Kc4 72. Bd7 Kb3 73. Kc1 Kc3 74. Kd1 Kd3
75. Bc6 Ke3 76. Kc2 Kd4 77. Kb3 Kd3 78. Kb4 Kd4 79. Bb7 Bb6 80. g5 Ke5 81.
g6 Kf6 82. Be4 Ke6 83. Kc4 Ba7 84. Bd5+ Kf6 85. Bf7 Ke7 86. Kd5 Bf2 87. Kc6
Bg1 88. b6 Bd4 89. Kc7 1-0

[Event "10th EICC"]
[Site "Budva MNE"]
[Date "2009.03.12"]
[Round "7"]
[White "Arsovic,Z"]
[Black "Kojovic,D"]
[Result "1-0"]
[WhiteElo "2475"]
[BlackElo "2403"]
[EventDate "2009.03.06"]

1. Nf3 Nf6 2. c4 c6 3. d4 d5 4. e3 Bf5 5. Nc3 e6 6. Nh4 Bg6 7. Be2 Nbd7 8.
O-O Be7 9. g3 dxc4 10. Nxg6 hxg6 11. Bxc4 Qa5 12. Qf3 g5 13. g4 Rh4 14. h3
O-O-O 15. Rd1 Qc7 16. e4 Rdh8 17. Bf1 Nxg4 18. Bg2 Nh6 19. Qg3 f6 20. Be3
Qxg3 21. fxg3 Rh5 22. g4 Rh4 23. Bf2 Nf7 24. Bxh4 gxh4 25. Rac1 Kb8 26. d5
Nde5 27. Ne2 exd5 28. exd5 c5 29. Nf4 f5 30. gxf5 Bg5 31. Ne6 Be3+ 32. Kh2
Bxc1 33. Rxc1 b6 34. Nxg7 Rg8 35. f6 Rh8 36. Rf1 Rh6 37. Be4 Nd7 38. Ne8
Rh8 39. Bf5 Rxe8 40. Bxd7 Rf8 41. Be6 Nd6 42. f7 Kc7 43. Rf4 b5 44. Kg2 Kd8
45. Kf2 Ke7 46. Rxh4 Nc4 47. b3 Ne5 48. Ke2 c4 49. bxc4 Nxc4 50. Rg4 Nb6
51. Rg8 Rxf7 52. Bxf7 Kxf7 53. Rb8 Nxd5 54. Rb7+ Kf6 55. Rxa7 Nf4+ 56. Ke3
Nxh3 57. Rb7 Ng5 58. Kd4 Ke6 59. Kc5 Ne4+ 60. Kxb5 Nc3+ 61. Kc4 Nd5 62. Kc5
Nc3 63. a3 Na4+ 64. Kc4 Kd6 65. Rb4 1-0

[Event "10th EICC"]
[Site "Budva MNE"]
[Date "2009.03.12"]
[Round "7"]
[White "Masic,P"]
[Black "Pap,M"]
[Result "0-1"]
[WhiteElo "2371"]
[BlackElo "2469"]
[EventDate "2009.03.06"]

1. e4 c5 2. Nf3 g6 3. c3 Bg7 4. d4 cxd4 5. cxd4 d5 6. exd5 Nf6 7. Nc3 O-O
8. Be2 Nxd5 9. O-O Nc6 10. h3 Be6 11. Bg5 Qa5 12. Qd2 Nxd4 13. Nxd4 Bxd4
14. Bf3 Nxc3 15. Bxe7 Rfe8 16. Qxd4 Rxe7 17. bxc3 Rc7 18. Rfb1 Rb8 19. Rb4
b6 20. Qf6 Qf5 21. Qxf5 Bxf5 22. Rc1 Rd8 23. Bg4 Bxg4 24. Rxg4 Rd2 25. a4
Rd3 26. c4 Rc5 27. Rg3 Rd2 28. Ra3 h5 29. Kf1 Rf5 30. f3 Re5 31. a5 Ree2
32. g4 h4 33. axb6 axb6 34. f4 Rf2+ 35. Ke1 Rde2+ 36. Kd1 Rb2 37. Ke1 Rh2
38. Rf3 Rh1+ 39. Rf1 Rxh3 40. c5 bxc5 41. Rxc5 Ra3 42. Rc1 h3 43. f5 g5 44.
f6 h2 0-1